000
00390nam a2200133Ia 4500
008
100328s9999 xx 000 0 und d
082
_b
35556
100
_a
सामंत बाळ.
245
_a
तो राजहंस एक
260
_b
श्रीविद्या
630
_a
तो राजहंस एक
730
_a
तो राजहंस एक
942
_c
BOOK
999
_c
525434
_d
525431